|
|
|
|
| LEADER |
01066cam a2200277 7i4500 |
| 001 |
0000070073 |
| 005 |
20220725090000.0 |
| 020 |
|
|
|a 9781292153919
|
| 090 |
0 |
0 |
|a QA76.9.H85
|b S54 2018
|
| 245 |
1 |
0 |
|a Designing the user interface :
|b strategies for effective human-computer interaction
|c Shneiderman, Plaisant, Cohen, Jacobs, Elmqvist.
|
| 250 |
|
|
|a Sixth edition.
|
| 264 |
|
|
|a Boston:
|b Pearson,
|c 2018.
|
| 300 |
|
|
|a 1 online resource (xx, 580 pages):
|b color illustrations, text file, PDF.
|
| 336 |
|
|
|a text
|2 rdacontent
|
| 337 |
|
|
|a computer
|2 rdamedia
|
| 338 |
|
|
|a online resource
|2 rdacarrier
|
| 650 |
|
0 |
|a User interfaces (Computer systems)
|
| 650 |
|
0 |
|a Human-computer interaction
|
| 700 |
1 |
|
|a Plaisant, Catherine
|
| 700 |
1 |
|
|a Cohen, Maxine S.
|
| 700 |
1 |
|
|a Jacobs, Steven M.
|
| 700 |
1 |
|
|a Elmqvist, Niklas
|
| 856 |
4 |
2 |
|u http://library.unisel.edu.my/web/guest/mylibrary
|
| 997 |
|
|
|a Communication, Visual Art & Computing, Faculty
|b Computing, Department
|
| 998 |
|
|
|a Computer Science, Degree
|
| 999 |
|
|
|a EBO0013666
|b EBOOK
|c EBOOK
|e Electronic resources
|